000 01951cam a2200409 a 4500
001 000026279
003 DO-SdBNP
005 20251030120328.0
008 840222s1981 ve a 000 m spa d
035 _a(DLC) 54024132
040 _aDO-SdBNP
_bspa
_cBNPHU
_dDLC
082 4 _aV868.2
_bB446ób, 1981
_222
100 1 _aBello, Andrés,
_d1781-1865
_922352
245 1 0 _aObras completas /
_cAndrés Bello.
250 _a2a ed. facsím.
260 _aCaracas :
_bFundación La casa de Bello,
_c1981.
300 _av. :
_bil. ;
_c23 cm.
500 _aLa biblioteca posee los volúmenes: 11 tomo 2, 14 tomo 1, 15 tomo 2, 17, 20 y 24.
504 _aIncluye referencias bibliográficas y notas al pie de las páginas.
505 0 _gv. 11. t.2.
_tDerecho internacional: temas de política internacional.
505 0 _gVol. 14. t.1.
_tCódigo civil de la República de Chile /
_rintroducción y notas de Pedro Lira Urquieta.
505 0 _aVol. 15. t. 2.
_tCódigo civil de la República de Chile /
_rintroducción y notas de Pedro Lira Urquieta.
505 0 _aVol. 17.
_tDerecho romano /
_rintroducción de Hessel E. Yntema.
505 0 _aVol. 20.
_tLabor en el senado de Chile: discursos y escritos /
_rrecopilación, prólogo y notas de Ricardo Donoso.
505 0 _aVol. 24.
_tCosmografía y otros escritos de divulgación científica /
_rprólogo y notas por F. J. Duarte.
533 _aSegunda edición facsimilar de 1981.
600 1 0 _aBello, Ándrés
_d1781-1865,
_xCrítica e interpretación
_923708
650 4 _aCrítica literaria
_xHistoria
_925623
650 4 _aLiteratura venezolana
_xHistoria y crítica
_98073
650 4 _aGénero (gramática)
_925624
650 4 _aDerecho internacional
_93258
650 4 _aDerecho civil
_xColecciones de escritos
_925625
650 4 _aDerecho civil
_xLegislación
_99313
651 0 _aVenezuela
_xPolítica y gobierno
_926230
651 4 _aChile
_xPolítica y gobierno
_925626
942 _2ddc
_cLBS1
999 _c25771
_d25771